000
00342nam a2200157Ia 4500
100
_a
Khan/M.I/ Haque/S
650
_a
MANUFACTURING
942
_c
BK
366
_f
25
245
_a
Manufacturing Science
260
_b
Prentice -Hall of India
_c
2011
082
_a
658.5
_b
KHA
300
_a
562
546
_a
ENGLISH
_c
Info.Tech
999
_c
26448
_d
26448